| 000 | 00847cam a2200253 a 4500 | ||
|---|---|---|---|
| 001 | 12934015 | ||
| 003 | ARRUPE | ||
| 005 | 20211008110940.0 | ||
| 008 | 020628s2002 ug a 000 0 eng | ||
| 010 | _a 2001314478 | ||
| 035 | _a(DLC) 2001314478 | ||
| 040 |
_aDLC _cDLC |
||
| 042 | _alcode | ||
| 043 | _af-ug--- | ||
| 050 | 0 | 0 |
_aBX9998 _b.K36 2002 |
| 245 | 0 | 4 |
_aThe Kanungu massacre : _bthe Movement for the Restoration of the Ten Commandments of God indicted. |
| 260 |
_aKampala : _bUganda Human Rights Commission, _c2002. |
||
| 300 |
_avi, 84 p. : _bill. ; _c21 cm. |
||
| 500 | _a"Periodical report." | ||
| 610 | 2 | 0 |
_aMovement for the Restoration of the Ten Commandments of God. _950380 |
| 906 |
_a7 _bcbc _corigode _d3 _encip _f20 _gy-gencatlg |
||
| 942 |
_2lcc _cMONOGRAPH |
||
| 999 |
_c130739 _d130739 |
||